000 01211cam a22003134a 4500
001 11827346
003 OSt
005 20240625120835.0
008 991029s2000 enka b 001 0 eng
010 _a 99057003
020 _a9780198504535
020 _a0198504527 (pbk.)
040 _cMUST
042 _apcc
082 0 0 _a572.8
_222
100 _aFanchon, Eric
_917801
245 0 0 _aStructure and dynamics of biomolecules :
_bneutron and synchrotron radiation for condensed matter studies /
_cedited by Eric Fanchon ... [et al.].
260 _aOxford ;
_aNew York :
_bOxford University Press,
_c2000.
300 _axv, 416 p. :
_bill. ;
_c25 cm.
504 _aIncludes bibliographical references and index.
650 0 _aMacromolecules
_xStructure.
_913713
650 0 _aX-ray crystallography.
_913712
650 0 _aSynchrotrons.
_917802
650 0 _aThermal neutrons.
_917803
700 1 _aFanchon, Eric.
_917801
906 _a7
_bcbc
_corignew
_d1
_eocip
_f19
_gy-gencatlg
942 _2ddc
_cO_SHELF
999 _c8810
_d8810